000 00676cab a2200229 4500
001 WB3029-15
008 090401t1994 xxu||||| |||| 00| 0 eng d
035 _a(Sirsi) u16523
041 _aeng
245 4 _aThe art market
260 _c1994
350 _a0
490 _aInvestors Chronicle
_v109(1383) 22 July 1994, 14(1)
520 _aAnalyses the latest Daily Telegraph Art Index for the English 20th-century painting noting a small increase between 1991 and 1993.
650 _aAUCTIONS RESULTS
650 _aDAILY TELEGRAPH ART INDEX
650 _aFINE ART
650 _aPAINTINGS
690 _aArts and antiques
_96217
942 _n0
948 _c04/03/1997
999 _c10887
_d10887